|
|
|
|
| LEADER |
01730nam a2200421 i 4500 |
| 001 |
EBC4602466 |
| 003 |
MiAaPQ |
| 005 |
20200520144314.0 |
| 006 |
m o d | |
| 007 |
cr cnu|||||||| |
| 008 |
160815t20122012at a ob 000 0 eng d |
| 020 |
|
|
|z 9781922144546
|
| 020 |
|
|
|a 9781922144553
|q (electronic bk.)
|
| 035 |
|
|
|a (MiAaPQ)EBC4602466
|
| 035 |
|
|
|a (Au-PeEL)EBL4602466
|
| 035 |
|
|
|a (CaPaEBR)ebr11237592
|
| 035 |
|
|
|a (OCoLC)863064926
|
| 040 |
|
|
|a MiAaPQ
|b eng
|e rda
|e pn
|c MiAaPQ
|d MiAaPQ
|
| 043 |
|
|
|a a-cc---
|
| 050 |
|
4 |
|a HC427.92
|b .C456 2012
|
| 082 |
0 |
|
|a 330.951058
|2 23
|
| 245 |
0 |
0 |
|a China :
|b new engine of world growth /
|c Ross Garnaut, Ligang Song (editors).
|
| 264 |
|
1 |
|a Canberra, Australia :
|b ANU E Press,
|c 2012.
|
| 264 |
|
4 |
|c 2012
|
| 300 |
|
|
|a 1 online resource (500 pages) :
|b illustrations, tables
|
| 336 |
|
|
|a text
|2 rdacontent
|
| 337 |
|
|
|a computer
|2 rdamedia
|
| 338 |
|
|
|a online resource
|2 rdacarrier
|
| 504 |
|
|
|a Includes bibliographical references at the end of each chapters.
|
| 588 |
|
|
|a Description based on online resource; title from PDF title page (ebrary, viewed August 1, 2016).
|
| 590 |
|
|
|a Electronic reproduction. Ann Arbor, MI : ProQuest, 2016. Available via World Wide Web. Access may be limited to ProQuest affiliated libraries.
|
| 651 |
|
0 |
|a China
|x Economic conditions
|y 1976-2000.
|
| 655 |
|
4 |
|a Electronic books.
|
| 700 |
1 |
|
|a Garnaut, Ross,
|e editor.
|
| 700 |
1 |
|
|a Song, Ligang,
|e editor.
|
| 776 |
0 |
8 |
|i Print version:
|t China : new engine of world growth.
|d Canberra, Australia : ANU E Press, c2012
|h xix, 480 pages
|z 9781922144546
|
| 797 |
2 |
|
|a ProQuest (Firm)
|
| 856 |
4 |
0 |
|u https://ebookcentral.proquest.com/lib/matrademy/detail.action?docID=4602466
|z Click to View
|